00638nam a22002297a 450000500170000001000130001702000230003003500130005303700160006604000120008208200130009410000200010724500570012725000110018426000610019527000470025630000310030350000200033465000190035465000170037370000180039020170124110037.0 aA-719500 c195.00a8120308867 aA-719500 bCen Lib/Ret aDPLbEN a301bEMB aEmber, Carol R. aAnthropology /cby Carol R. Ember [and] Melvin Ember a7th ed aNew DelhibPrentice Hall Of India Private Limited c1995 aM-97, Connought Circus bNew Delhie110001 axi,558p. :c24cm(Hb)bill. aIncludes index. aSocial Scienec aAnthropology aEmber, Melvin